| 000 | 00534nam a22001817a 4500 | ||
|---|---|---|---|
| 005 | 20170728141237.0 | ||
| 010 | _aENG-119454 | ||
| 020 |
_a9789384757632 _c595.00 |
||
| 035 | _aEN-102986 | ||
| 037 | _bDBAD/PUB | ||
| 082 | _a306.8743092 | ||
| 100 | _aBose,Milty | ||
| 245 |
_aFrom cork to Calcutta : _bmy mother's story / _cby Milty Bose |
||
| 260 |
_aNew Delhi _bZuban _c2017 |
||
| 270 |
_a128 B,Shahpur Jat,Ist Floor _bNew Delhi _e110049 |
||
| 300 |
_a328p. _b _c22cm(pbk) |
||
| 942 |
_2ddc _cEN _h306.8743092 _mBOS |
||
| 999 |
_c142963 _d142963 |
||